Car Logo Quiz - Statistics

General Stats
  • This quiz has been taken 237 times
  • The average score is 14 of 15
Answer Stats
Picture Answer % Correct
Audi
97%
Ford
96%
Ferrari
95%
BMW
94%
Honda
93%
Volkswagen
93%
Mercedes
92%
Toyota
92%
Mazda
91%
Nissan
88%
Lamborghini
87%
Suzuki
85%
Fiat
84%
Mini
84%
Volvo
84%
No matching quizzes found
Score Distribution
Percent of People with Each Score
Percentile by Number Answered
Your Score History
You have not taken this quiz